Parasitología clínica
保存先:
| 第一著者: | |
|---|---|
| フォーマット: | 図書 |
| 言語: | スペイン語 |
| 出版事項: |
Santiago
Mediterraneo
1991
|
| 版: | 3a. ed |
| 主題: | |
| タグ: |
タグ追加
タグなし, このレコードへの初めてのタグを付けませんか!
|
MARC
| LEADER | 00000nam a2200000 a 4500 | ||
|---|---|---|---|
| 001 | UCQ6765 | ||
| 003 | CL-VaPUC | ||
| 008 | 981023e19910000CL |||||||||||||||||spa|d | ||
| 082 | 0 | 4 | |a 616.96 |b ATI |2 21 |
| 100 | |a Atías Martin, Antonio |e author |9 420559 | ||
| 245 | 1 | 0 | |a Parasitología clínica |
| 250 | |a 3a. ed | ||
| 300 | |a 611 p | ||
| 942 | |c BK | ||
| 945 | |d 19981023 00:00:00 |a mvenant | ||
| 260 | |a Santiago |b Mediterraneo |c 1991 | ||
| 650 | 0 | |a Parasitología |9 338528 | |
| 650 | 0 | |a Enfermedades parasitarias |9 338529 | |
| 650 | 0 | |a Ecología |9 258124 | |
| 650 | 0 | |a Inmunología |9 329894 | |
| 650 | 0 | |a Zoonosis |9 420648 | |
| 650 | 0 | |a Epidemiología |9 271159 | |
| 650 | 7 | |a PROTOZOOSIS |2 CL-VaPUC |9 420649 | |
| 583 | |a last modification |c 19981023 00:00:00 |k Rodrigo Vera | ||
| 999 | |c 276676 |d 276674 | ||
| 952 | |0 0 |1 0 |4 0 |6 616_960000000000000_ATI_1991 |7 0 |8 A |9 314078 |a BIBCUR |b BIBCUR |d 2019-11-20 |i 3471845 |l 1 |m 1 |o 616.96 ATI 1991 |p 3471845 |r 2025-04-22 |s 2022-10-21 |w 2019-11-20 |y BK |k KIN | ||